|
|
|
|
| LEADER |
00986nam a2200253 a 4500 |
| 001 |
3450634 |
| 003 |
BD-DhAAL |
| 008 |
090727s2000 nyu b 001 0 eng d |
| 010 |
|
|
|a 92029776
|
| 020 |
|
|
|a 1853260053
|
| 040 |
|
|
|a DLC
|c DLC
|d DLC
|d BD-DhAAL
|
| 082 |
0 |
0 |
|a 823/.8
|2 21
|
| 100 |
1 |
|
|a Hardy,Thomas.
|9 60188
|
| 245 |
0 |
0 |
|a Tess of the d'Urbervilles:
|b a pure woman /
|c Thomas Hardy;Introduction and notes by Michael Irwin.
|
| 260 |
|
|
|a New York;
|a London:
|b St. Martin's Press;
|b Michael Irwin,
|c 2000.
|
| 300 |
|
|
|a xxiii, 360 pages ;
|c 19 cm.
|
| 490 |
|
0 |
|a Wordsworth Classics.
|
| 541 |
1 |
|
|e 00015877
|
| 600 |
1 |
0 |
|a Hardy, Thomas,
|d 1840-1928.
|t Tess of the d'Urbervilles.
|9 5722
|
| 700 |
1 |
|
|a Irwin, Michael.
|9 60189
|
| 852 |
4 |
|
|a Ayesha Abed Library
|j General Shelf.
|
| 942 |
0 |
0 |
|0 1
|2 ddc
|c BK
|
| 999 |
|
|
|c 2995
|d 2995
|
| 952 |
|
|
|0 0
|1 0
|2 ddc
|4 0
|6 823_800000000000000_HAR
|7 0
|9 2710
|a BRACUL
|b BRACUL
|c GEN
|d 2009-08-18
|g 152.00
|l 13
|m 64
|o 823.8 HAR
|p 3010015877
|r 2026-01-07
|s 2026-01-04
|t 1
|v 304.00
|w 2009-08-18
|y BK
|